000 00509nam a2200253Ia 4500
001 068516
003 YMCAF
005 20230512160527.0
008 100717s1983 ||||||||||||||||| ||und|d
020 _a-
024 _a68516
035 _a7979
040 _aYMCAF
_beng
_cIN-KoLT
041 _aeng
082 _a621.902
_bMAC
100 _aCMTI
245 0 _aMACHINE TOOL DESIGN HAND BOOK
250 _a-
260 _bTMH
_c1983
300 _a955
653 _a-
653 _a-
942 _2ddc
_cBK
999 _c5091
_d5091